| 000 | 00479nam a2200145Ia 4500 | ||
|---|---|---|---|
| 003 | OSt | ||
| 005 | 20260123115040.0 | ||
| 008 | 211028s2016 xx 000 0 und d | ||
| 040 | _cAIMIT LIBRARY | ||
| 041 | _aeng | ||
| 100 |
_aFernands, Osie M; Pereira, Divya. _g1416096 _97517 |
||
| 245 | _aStudy on factors affecting brand identification and brand loyalty with reference to fbb at city center mall Mangalore / | ||
| 260 |
_aMangalore _bDivya Pereira. _c2016 |
||
| 942 |
_2ddc _cPRO |
||
| 999 |
_c219085 _d219085 |
||